| 000 | 00662nam a22002057a 4500 | ||
|---|---|---|---|
| 999 |
_c3756 _d3756 |
||
| 003 | AR-CdUCM | ||
| 008 | 190307b ||||| |||| 00| 0 spa d | ||
| 040 |
_aMUNICIPALIDAD PROVINCIAL DEL CUSCO _cBIBLIOTECA MUNICIPAL DEL CUSCO |
||
| 082 |
_a869.63 / _bR344 |
||
| 100 |
_aReguera Gómez. Mario _912146 |
||
| 245 |
_aLos diez días que estremecieron al Mundo : _bGrupo de teatro La Candelaria / |
||
| 260 |
_aCuba : _bCasa de las Américas, _c1978. |
||
| 300 |
_a91 páginas ; _c18 cm. |
||
| 505 | _aContenido: Teatro cubano. | ||
| 650 |
_aTeatro cubano _911443 |
||
| 650 |
_aLa Habana _92308 |
||
| 650 |
_aEl ruso _912147 |
||
| 942 |
_2ddc _cLIBROS |
||
| 945 | _adavv | ||